<?xml version="1.0" encoding="UTF-8"?>
<record
    xmlns:xsi="http://www.w3.org/2001/XMLSchema-instance"
    xsi:schemaLocation="http://www.loc.gov/MARC21/slim http://www.loc.gov/standards/marcxml/schema/MARC21slim.xsd"
    xmlns="http://www.loc.gov/MARC21/slim">

  <leader>02244agaaa2200361   4500</leader>
  <controlfield tag="001">9133</controlfield>
  <controlfield tag="003">IT-RoPAU</controlfield>
  <controlfield tag="005">20220918181234.0</controlfield>
  <controlfield tag="007">d cvaizq</controlfield>
  <controlfield tag="008">50131s9999||||xx ||| |     ||   ||und||</controlfield>
  <datafield tag="040" ind1=" " ind2=" ">
    <subfield code="a">IT-RoPAU</subfield>
    <subfield code="c">IT-RoPAU</subfield>
  </datafield>
  <datafield tag="041" ind1=" " ind2=" ">
    <subfield code="a">ITALIANO</subfield>
  </datafield>
  <datafield tag="100" ind1=" " ind2=" ">
    <subfield code="a">Schlondorff Volker</subfield>
    <subfield code="g">Codice regista SPICS: 11222</subfield>
    <subfield code="9">42119</subfield>
  </datafield>
  <datafield tag="130" ind1=" " ind2=" ">
    <subfield code="a">CASO KATHARINA BLUM (IL)</subfield>
    <subfield code="9">42120</subfield>
  </datafield>
  <datafield tag="240" ind1=" " ind2=" ">
    <subfield code="a">VERLORENE EHRE DER KATHARINA BLUM (DIE)</subfield>
    <subfield code="g">T2069</subfield>
  </datafield>
  <datafield tag="245" ind1=" " ind2=" ">
    <subfield code="a">CASO KATHARINA BLUM (IL)</subfield>
    <subfield code="c">Sceneggiatura: Schlondorff Volker Von Trotta Margarethe -- Diretto da: Schlondorff Volker</subfield>
    <subfield code="p">CASO KATHARINA BLUM (IL) (Rif. Codice opera principale : 29133)</subfield>
  </datafield>
  <datafield tag="246" ind1=" " ind2=" ">
    <subfield code="a">VERLORENE EHRE DER KATHARINA BLUM (DIE)</subfield>
  </datafield>
  <datafield tag="250" ind1=" " ind2=" ">
    <subfield code="a">Edizione Standard</subfield>
  </datafield>
  <datafield tag="260" ind1=" " ind2=" ">
    <subfield code="a">(GERMANIA)</subfield>
    <subfield code="b">PARAMOUNT - ORION - WDR - BISHOP / Distribuzione: RAI</subfield>
    <subfield code="g">"1975 (1&#xB0; ed.: 1985 ; Ed. Lingua Orig.: 1975)"</subfield>
  </datafield>
  <datafield tag="300" ind1=" " ind2=" ">
    <subfield code="a">VHS</subfield>
    <subfield code="b">sonoro, col.</subfield>
    <subfield code="c">115 minuti</subfield>
  </datafield>
  <datafield tag="508" ind1=" " ind2=" ">
    <subfield code="a">"Fotografia: Kerz H. Bieske J.; Montaggio: Przygodda Peter; Musica: Henze Hans Werner; Sceneggiatura: Schlondorff Volker Von Trotta Margarethe; Soggetto: Schlondorff Volker -- Von Trotta Margarethe"</subfield>
  </datafield>
  <datafield tag="511" ind1=" " ind2=" ">
    <subfield code="a">"Winkler Angela; Adorf Mario; Laser Dieter; Prochnow Jurgen; Bennent Heinz; Hoger H."</subfield>
  </datafield>
  <datafield tag="520" ind1=" " ind2=" ">
    <subfield code="a">KATHARINA E' UNA DONNA DI SERVIZIO CHE DIVIENE OGGETTO DI UNA VERA CACCIA ALLA STREGA DA PARTE DELLA STAMPA SCANDALISTICA TEDESCA PER AVERE OSPITATO UNA NOTTE LUDWIG UN GIOVANE DISERTORE RICERCATO DALLA POLIZIA PER MOTIVI POLITICI UMILIATO DALLA FAZIOSA ESPOSIZIONE IN PUBBLICO DELLA SUA VITA PRIVATA KATHARINA REAGISCE SPARANDO AL GIORNALISTA CHE CON PIU' ACCANIMENTO L'AVEVA PRESA DI MIRA FILM A COLORI DRAMMA PSICOLOGICO</subfield>
  </datafield>
  <datafield tag="538" ind1=" " ind2=" ">
    <subfield code="a">PAL, STEREO</subfield>
  </datafield>
  <datafield tag="546" ind1=" " ind2=" ">
    <subfield code="a">ITALIANO</subfield>
  </datafield>
  <datafield tag="650" ind1=" " ind2=" ">
    <subfield code="a">DRAMMATICO</subfield>
    <subfield code="e">FILMS [VHS]</subfield>
    <subfield code="x">Codice MATERIA SPICS: 9960</subfield>
    <subfield code="9">34083</subfield>
  </datafield>
  <datafield tag="700" ind1=" " ind2=" ">
    <subfield code="a">Henze Hans Werner</subfield>
    <subfield code="e">(musica)</subfield>
    <subfield code="g">Codice Musica SPICS: 31326</subfield>
    <subfield code="9">42121</subfield>
  </datafield>
  <datafield tag="700" ind1=" " ind2=" ">
    <subfield code="a">Schlondorff Volker </subfield>
    <subfield code="e">(regista)</subfield>
    <subfield code="g">Codice regista SPICS: 11222</subfield>
    <subfield code="9">42122</subfield>
  </datafield>
  <datafield tag="700" ind1=" " ind2=" ">
    <subfield code="a">Schlondorff Volker </subfield>
    <subfield code="e">(soggetto)</subfield>
    <subfield code="g">Codice Soggetto SPICS: 11222</subfield>
    <subfield code="9">42123</subfield>
  </datafield>
  <datafield tag="700" ind1=" " ind2=" ">
    <subfield code="a">Von Trotta Margarethe </subfield>
    <subfield code="e">(soggetto)</subfield>
    <subfield code="g">Codice Soggetto 2&#xB0; SPICS: 13333</subfield>
    <subfield code="9">42124</subfield>
  </datafield>
  <datafield tag="700" ind1=" " ind2=" ">
    <subfield code="a">Von Trotta Margarethe</subfield>
    <subfield code="e">(regista)</subfield>
    <subfield code="g">Codice secondo regista SPICS: 13333</subfield>
    <subfield code="9">42125</subfield>
  </datafield>
  <datafield tag="942" ind1=" " ind2=" ">
    <subfield code="c">VH</subfield>
    <subfield code="2">ddc</subfield>
  </datafield>
  <datafield tag="999" ind1=" " ind2=" ">
    <subfield code="c">105563</subfield>
    <subfield code="d">105563</subfield>
  </datafield>
  <datafield tag="952" ind1=" " ind2=" ">
    <subfield code="0">0</subfield>
    <subfield code="1">0</subfield>
    <subfield code="4">0</subfield>
    <subfield code="6">29133_000000000000000</subfield>
    <subfield code="7">1</subfield>
    <subfield code="a">SPICS</subfield>
    <subfield code="b">SPICS</subfield>
    <subfield code="d">2015-01-31</subfield>
    <subfield code="l">0</subfield>
    <subfield code="o">29133</subfield>
    <subfield code="r">2015-01-31 00:00:00</subfield>
    <subfield code="w">2015-01-31</subfield>
    <subfield code="y">VH</subfield>
    <subfield code="z">Progr. Ins.: 1839 / N.Vol.:1 / Copie: 1 / Pag.: / Copia rara: NO / date import: 1.2.2015 / By Epidotti, Trombetti, Vaglietti</subfield>
  </datafield>
</record>
